| 000 | 00695nam a2200241 a 4500 | ||
|---|---|---|---|
| 008 | |||
| 049 | _aMAIN | ||
| 090 |
_aQA276 _bKEN |
||
| 100 | 1 | _aKenney, John F. | |
| 245 | 1 | 0 |
_aMathematics of statistics. _nPart two / _cJ. F. Kenney and E. S. Keeping. |
| 250 | _a2nd ed. | ||
| 260 |
_aToronto, : _bVan Nostrand, _cc1951. |
||
| 300 |
_axiii, 429 p. ; _c23 cm. |
||
| 504 | _aIncludes bibliographical references. | ||
| 500 | _aIncludes index. | ||
| 650 | 0 | _aMathematical statistics. | |
| 700 | 1 | _aKeeping, E. S. | |
| 907 |
_a.b10090927 _b16-04-12 _c16-10-03 |
||
| 003 | |||
| 005 | 20230123133439.0 | ||
| 040 | _cNUST | ||
| 942 |
_cBOOKS _kQA276 _mKEN |
||
| 999 |
_c148759 _d148759 |
||